| 000 | 00862nam a2200253Ia 4500 | ||
|---|---|---|---|
| 003 | OSt | ||
| 005 | 20220923212427.0 | ||
| 006 | a|||||r|||| 00| 0 | ||
| 007 | ta | ||
| 008 | 220922b |||||||| |||| 00| 0 hin d | ||
| 024 | _a152,868 | ||
| 037 | _cTextual | ||
| 040 |
_aARTS _cARTS _bhin |
||
| 041 |
_2hin _ahin |
||
| 082 | _aO142:3M21:17, 152J9;L7 | ||
| 100 |
_aदांस्तांयस्की, फ _9162467 |
||
| 245 | 0 | _aवासना, अनु शिवदान सिंह चौहान | |
| 246 | _aVāsanā, anu0 shivadān sianha chauhāna | ||
| 250 | _aसंस्क0 2 | ||
| 260 |
_aदिल्ली _b शिक्षा भारती _c1977 |
||
| 300 |
_a180 पृ. _ccm. |
||
| 942 |
_hO142:3M21:17, 152J9;L7 _cTEXL _2CC |
||
| 999 |
_c308517 _d308517 |
||